Black Clover Quiz - Statistics

General Stats
  • This quiz has been taken 1,029 times
  • The average score is 4 of 15
Answer Stats
Questions Answer % Correct
What is the name of the Sister where Asta and Yuno were raised? Lily Aquaria
93%
Who is the user of the Paint Magic? Rill Boismortier
60%
Cotton Magic user. Has a crush for Yuno. Charmy
49%
What type of magic does Acier Silva has? Steel
40%
What type of magic does the answer above has? Dream Magic
35%
Captain of the Coral Peacocks. Best known for being the Sleepy Captain. Dorothy Unsworth
29%
Asta's final sword. It can absorb and remove after effects of spells. Used to remove reincarnated spirits from the bodies of the possessed. Demon-Destroyer Sword
15%
Vanessa's most powerful defensive magic? Can change the outcome of events. Thread Magic: Red Thread of Fate
12%
Yuno's first spirit form magic showed in the manga? He used this magic against the answer in number 3. Wind Spirit Magic: Spirit Storm
7%
Noelle Silva's first controlled magic? Sea Dragon's Nest / Nest of the Sea Dragon
6%
Mimosa's first offensive magic. Plant Magic: Magic Cannon Flower
2%
Magic that uses corpse as puppets. Later on, due to Rades Spiritos' anger, this magic evolved. Permanently reviving him and his comrades killed by Licht. Soul Corpse Magic
2%
The answer above's other type of magic due to being a hybrid. Meal Magic
1%
Nozel's magic used to reflect the Light Magic of Licht Mercury Magic: Silver Star of Execution
1%
According to Nozel, Noelle was said to resembles her mother when using this magic Water Creation Magic: Valkrie Dress
1%
No matching quizzes found
Score Distribution
Percent of People with Each Score
Percentile by Number Answered
Your Score History
You have not taken this quiz